| 000 | 00367nam a2200145Ia 4500 | ||
|---|---|---|---|
| 008 | 150201s1974 xx 000 0 und d | ||
| 082 |
_a612.015 _bB1974W |
||
| 100 | _aEDWARD | ||
| 245 | _aTEXT BOOK OF BIOCHEMISTRY | ||
| 250 | _a4TH | ||
| 260 |
_bOXFORD & IBH PUBLISHING CO.PVT.LTD _aNEW DELHI _c1974 |
||
| 300 | _a1-1595 | ||
| 650 | _aBIOCHEMISTRY | ||
| 942 |
_2ddc _cBK |
||
| 999 |
_c2546 _d2546 |
||